[Event "World Youth Boys U18 2014"]
[Site "Durban RSA"]
[Date "2014.09.27"]
[Round "9.24"]
[White "Nassr, Ali"]
[Black "De Strycker, Nathan"]
[Result "1-0"]
[WhiteTitle "IM"]
[WhiteElo "2215"]
[BlackElo "2133"]
[WhiteFideId "7900520"]
[BlackFideId "226343"]
[EventDate "2014.09.20"]

1. e4 e6 2. d4 d5 3. Nd2 Be7 4. Ngf3 Nf6 5. Bd3 c5 6. c3 Nc6 7. O-O dxe4 8. Nxe4
cxd4 9. cxd4 O-O 10. Nc3 a6 11. a3 b5 12. Bc2 Qd6 13. Qd3 Rd8 14. Rd1 Bb7 15.
Ne4 Nxe4 16. Qxe4 f5 17. Qe2 Na5 18. Bd2 Nc4 19. Bc3 Qd5 20. Re1 Kf7 21. Bb3 Bf6
22. Qf1 Rac8 23. Ne5+ Bxe5 24. Rxe5 Qd7 25. Bxc4 Rxc4 26. Qe2 Bd5 27. Qe3 Rdc8
28. Re1 R8c6 29. Bb4 Rc2 30. Bc3 Qc8 31. Qd3 R2xc3 32. bxc3 Rxc3 33. Qe2 g6 34.
Re3 Rc2 35. Qd3 Qc6 36. Rg3 Qc4 37. Qe3 a5 38. h4 b4 39. axb4 axb4 40. h5 Qc3
41. Qe5 Qd2 42. Rf1 Bc4 43. hxg6+ hxg6 44. Rh3 1-0

[Event "World Youth Boys U18 2014"]
[Site "Durban RSA"]
[Date "2014.09.27"]
[Round "9.25"]
[White "Padayachee, Kenyon"]
[Black "Ofner, Maximilian"]
[Result "0-1"]
[WhiteTitle "CM"]
[WhiteElo "1748"]
[BlackElo "2145"]
[WhiteFideId "14306654"]
[BlackFideId "1637789"]
[EventDate "2014.09.20"]

1. e4 c6 2. d4 d5 3. f3 dxe4 4. fxe4 e5 5. Nf3 Bg4 6. Bc4 Nd7 7. O-O Ngf6 8. c3
Be7 9. Qb3 O-O 10. Nbd2 b5 11. Bxf7+ Rxf7 12. dxe5 Nc5 13. Qxf7+ Kxf7 14. exf6
Kxf6 15. Nd4+ Kg6 16. h3 Bd7 17. N2f3 h6 18. Ne5+ Kh7 19. Bxh6 Bf6 20. Bf4 Bxe5
21. Bxe5 Qe7 22. Bh2 Rf8 23. Rfe1 Nd3 24. Re2 Ne5 25. Nf5 Bxf5 0-1

[Event "World Youth Boys U18 2014"]
[Site "Durban RSA"]
[Date "2014.09.27"]
[Round "9.27"]
[White "Lobersli, Henrik Oie"]
[Black "Kenenbaev, Aidar"]
[Result "0-1"]
[WhiteElo "1950"]
[BlackElo "1739"]
[WhiteFideId "1511947"]
[BlackFideId "13801180"]
[EventDate "2014.09.20"]

1. d4 Nf6 2. c4 g6 3. Nc3 Bg7 4. e4 O-O 5. Be2 d6 6. Bg5 c5 7. d5 e6 8. Nf3 exd5
9. exd5 h6 10. Bf4 g5 11. Bc1 Bg4 12. O-O Bxf3 13. Bxf3 Nbd7 14. Be2 Ne8 15. f4
f5 16. Bd3 g4 17. Qc2 Qf6 18. Bd2 Qf7 19. Rae1 Bd4+ 20. Kh1 Nc7 21. Ne2 Ne8 22.
Ng3 Ng7 23. Re2 h5 24. Rfe1 Rad8 25. Bc3 Bxc3 26. Qxc3 h4 27. Nf1 Rde8 28. Qc2
Rxe2 29. Rxe2 Qf6 30. Qa4 Rf7 31. Qc2 b6 32. Ne3 Nf8 33. Nd1 Qd4 34. Qd2 Nh5 35.
Rf2 Ng3+ 36. Kg1 Nh5 37. Nc3 g3 0-1

[Event "World Youth Boys U18 2014"]
[Site "Durban RSA"]
[Date "2014.09.28"]
[Round "10.1"]
[White "Henriquez Villagra, Cristobal"]
[Black "Vaibhav, Suri"]
[Result "1/2-1/2"]
[WhiteTitle "IM"]
[BlackTitle "GM"]
[WhiteElo "2466"]
[BlackElo "2521"]
[WhiteFideId "3409350"]
[BlackFideId "5045185"]
[EventDate "2014.09.20"]

1. e4 e5 2. Nf3 Nc6 3. Bc4 Bc5 4. c3 Nf6 5. d3 O-O 6. O-O d5 7. exd5 Nxd5 8. b4
Be7 9. b5 Na5 10. Bxd5 Qxd5 11. c4 Qe6 12. Bd2 b6 13. Re1 f6 14. Bxa5 bxa5 15.
Nd4 Qd7 16. Nc6 Bc5 17. Nc3 Bb7 18. Qf3 Bb4 19. Rec1 Bxc3 20. Rxc3 a6 21. Qd5+
Qxd5 22. cxd5 Bxc6 23. bxc6 Kf7 24. a4 Ke7 25. Rc5 Kd6 26. Rxa5 Rfb8 27. g3 Rb4
28. f4 Re8 29. Re1 Rd4 30. fxe5+ Rxe5 31. Rxe5 Kxe5 32. Rxa6 Kxd5 33. Ra8 Kxc6
34. Rg8 Rd7 35. Kf2 Kc5 36. Ke3 Kb4 37. Ra8 Kc3 38. a5 c5 39. a6 Rxd3+ 40. Ke4
c4 41. Rb8 Rd4+ 42. Ke3 Rd3+ 43. Ke4 Rd4+ 44. Ke3 Rd3+ 45. Ke4 Rd4+ 1/2-1/2

[Event "World Youth Boys U18 2014"]
[Site "Durban RSA"]
[Date "2014.09.28"]
[Round "10.2"]
[White "Bortnyk, Olexandr"]
[Black "Wagner, Dennis"]
[Result "1-0"]
[WhiteTitle "IM"]
[BlackTitle "IM"]
[WhiteElo "2505"]
[BlackElo "2499"]
[WhiteFideId "14120828"]
[BlackFideId "24650684"]
[EventDate "2014.09.20"]

1. e4 e6 2. d4 d5 3. Nc3 Nf6 4. Bd3 c5 5. Nf3 c4 6. Be2 Bb4 7. exd5 exd5 8. O-O
O-O 9. Bg5 Bxc3 10. bxc3 h6 11. Bxf6 Qxf6 12. Ne5 Nc6 13. f4 Qd6 14. Rb1 Rb8 15.
Bh5 Bf5 16. Bg4 Bxg4 17. Qxg4 Rfd8 18. Rbe1 Re8 19. Re3 f6 20. Rg3 Qe7 21. f5
Qc7 22. Ng6 Re4 23. Nf4 Rbe8 24. Qg6 Kh8 25. Nxd5 Qd7 26. Nxf6 gxf6 27. Qxh6+ 1-0

[Event "World Youth Boys U18 2014"]
[Site "Durban RSA"]
[Date "2014.09.28"]
[Round "10.3"]
[White "Studer, Noel"]
[Black "Vignesh, NR"]
[Result "1-0"]
[WhiteTitle "FM"]
[WhiteElo "2404"]
[BlackElo "2360"]
[WhiteFideId "1319620"]
[BlackFideId "25012215"]
[EventDate "2014.09.20"]

1. e4 c5 2. Nf3 d6 3. Bb5+ Nd7 4. O-O Nf6 5. Re1 a6 6. Bf1 b6 7. d4 cxd4 8. Nxd4
Bb7 9. f3 e6 10. c4 Be7 11. Nc3 O-O 12. Be3 Rc8 13. Qd2 Qc7 14. Rec1 Rfe8 15. a4
Qb8 16. Bf2 Bd8 17. b4 Ne5 18. Qa2 Qa8 19. Rab1 Re7 20. a5 bxa5 21. bxa5 Nfd7
22. Rd1 Nc5 23. Nb3 Nxb3 24. Qxb3 Rc6 25. Qb4 Rd7 26. Na4 Qc8 27. c5 dxc5 28.
Nxc5 Be7 29. Rxd7 Nxd7 30. Qxb7 Bxc5 31. Qxc8+ Rxc8 32. Bxa6 Bxf2+ 33. Kxf2 Rc2+
34. Kf1 Ra2 35. Bb5 Nf8 36. a6 g5 37. Rb4 1-0

[Event "World Youth Boys U18 2014"]
[Site "Durban RSA"]
[Date "2014.09.28"]
[Round "10.5"]
[White "Bluebaum, Matthias"]
[Black "Shetty, Atulya"]
[Result "1-0"]
[WhiteTitle "IM"]
[BlackTitle "FM"]
[WhiteElo "2521"]
[BlackElo "2328"]
[WhiteFideId "24651516"]
[BlackFideId "2031213"]
[EventDate "2014.09.20"]

1. Nf3 d5 2. g3 Nf6 3. Bg2 c5 4. O-O Nc6 5. d4 e6 6. c4 dxc4 7. dxc5 Qxd1 8.
Rxd1 Bxc5 9. Nbd2 c3 10. bxc3 O-O 11. Nb3 Be7 12. c4 Bd7 13. Bb2 Rfd8 14. Nfd4
Rac8 15. Nb5 Be8 16. c5 Nb4 17. Nd6 Bxd6 18. cxd6 Bc6 19. a3 Bxg2 20. axb4 Bd5
21. Nc5 b6 22. Na6 Ne4 23. Nc7 Nxd6 24. Nxd5 exd5 25. Rxa7 Nc4 26. Bd4 h6 27.
Rda1 Re8 28. e3 Re6 29. Rd7 Ne5 30. Rxd5 Nf3+ 31. Kg2 Nxd4 32. Rxd4 Rc2 33. Rf4
g5 34. Rf3 Rc7 35. Ra6 Kg7 36. Rf5 Rc4 37. Rb5 Rcc6 38. g4 Rf6 39. Ra2 Kg6 40.
Rd2 Rfe6 41. Kg3 Rc4 42. h3 Kg7 43. Ra2 Rf6 44. Rb2 Re6 45. Rf5 Kg6 46. b5 h5
47. Rd2 hxg4 48. hxg4 Rb4 49. Rdd5 f6 50. Rd7 Rb1 51. Rfd5 Re4 52. Kf3 Rbb4 53.
Rb7 Rxg4 54. Rxb6 Rgc4 55. Rdd6 Rc5 56. Rxf6+ Kg7 57. Rg6+ Kh7 58. Rh6+ Kg7 59.
Rbg6+ Kf7 60. Rf6+ Kg7 61. b6 Rb2 62. Kg2 Re5 63. Kg3 Reb5 64. Rfg6+ Kf7 65. Rc6
Rf5 66. Rh7+ Kg8 67. Rd7 Rfxf2 68. Rc8+ Rf8 69. Rxf8+ Kxf8 70. b7 1-0

[Event "World Youth Boys U18 2014"]
[Site "Durban RSA"]
[Date "2014.09.28"]
[Round "10.6"]
[White "Akhmetov, Ayan"]
[Black "Harutyunian, Tigran K."]
[Result "0-1"]
[WhiteTitle "IM"]
[BlackTitle "IM"]
[WhiteElo "2350"]
[BlackElo "2439"]
[WhiteFideId "13703706"]
[BlackFideId "13303635"]
[EventDate "2014.09.20"]

1. e4 e5 2. Nf3 Nc6 3. d4 exd4 4. Nxd4 Bc5 5. Nb3 Bb6 6. Nc3 Nf6 7. Qf3 d6 8.
Bg5 Ne5 9. Qe2 h6 10. Bh4 Ng6 11. Bg3 O-O 12. O-O-O Re8 13. f3 a5 14. Nd2 Bd7
15. Bf2 Bxf2 16. Qxf2 a4 17. Nc4 b5 18. Ne3 b4 19. Ncd5 Nxd5 20. Nxd5 Rb8 21.
Qd2 c5 22. Ne3 a3 23. Qxd6 Qg5 24. f4 Nxf4 25. Kb1 Be6 26. Bc4 Rbd8 27. Qc7 Rc8
28. Qd6 Red8 29. h4 Qg3 30. Qxd8+ Rxd8 31. Rxd8+ Kh7 32. Bxe6 Nxe6 33. Rd3 Qe5
34. bxa3 bxa3 35. Rxa3 Qxe4 36. Rf1 f6 37. g3 Nd4 38. Rd3 Ne2 39. Nf5 Qb7+ 40.
Rb3 Nc3+ 41. Kb2 Qa6 42. Rf3 Na4+ 43. Kc1 c4 44. Rb4 Qa5 45. a3 Qd5 46. Rf1 Qe5
47. g4 Qa1+ 48. Rb1 Qxa3+ 49. Kd2 Qc3+ 50. Ke2 Qh3 51. Rbe1 Qxg4+ 52. Kd2 c3+
53. Kd3 Qb4 54. Ke3 Nb6 55. Rg1 Qc5+ 56. Nd4 Nc4+ 57. Ke4 f5+ 0-1

[Event "World Youth Boys U18 2014"]
[Site "Durban RSA"]
[Date "2014.09.28"]
[Round "10.7"]
[White "Das, Sayantan"]
[Black "Ruiz C, Joshua D"]
[Result "1-0"]
[WhiteTitle "IM"]
[BlackTitle "IM"]
[WhiteElo "2456"]
[BlackElo "2395"]
[WhiteFideId "5034426"]
[BlackFideId "4400704"]
[EventDate "2014.09.20"]

1. e4 c5 2. Nf3 d6 3. d4 cxd4 4. Nxd4 Nf6 5. Nc3 g6 6. Be3 Bg7 7. f3 O-O 8. Qd2
Nc6 9. g4 Nxd4 10. Bxd4 Qa5 11. h4 h5 12. g5 Ne8 13. Bxg7 Kxg7 14. O-O-O Nc7 15.
f4 Bg4 16. Be2 Bxe2 17. Qxe2 Qc5 18. Nd5 Nxd5 19. Rxd5 Qc6 20. Rhd1 Rac8 21. Kb1
Qc4 22. R1d3 Rc5 23. b3 Qb4 24. R5d4 Qb6 25. f5 Re5 26. Rd5 Qg1+ 27. Rd1 Qg3 28.
Rxe5 Qxe5 29. Qf3 Qh2 30. Rh1 Qe5 31. Rf1 Qh2 32. fxg6 Kxg6 33. Qf5+ Kg7 34. g6
Qe5 35. Qxe5+ dxe5 36. Rxf7+ Rxf7 37. gxf7 Kxf7 38. Kb2 Ke6 39. Kc3 Kd6 40. Kb4
Kc6 41. Kc4 e6 42. Kb4 Kb6 43. c4 Kc6 44. c5 Kd7 45. Kb5 Kc7 46. b4 a6+ 47. Ka5
Kc6 48. a3 Kc7 49. b5 1-0

[Event "World Youth Boys U18 2014"]
[Site "Durban RSA"]
[Date "2014.09.28"]
[Round "10.8"]
[White "Serikbay, Chingiz"]
[Black "Csonka, Balazs"]
[Result "1/2-1/2"]
[BlackTitle "FM"]
[WhiteElo "2173"]
[BlackElo "2412"]
[WhiteFideId "13707604"]
[BlackFideId "742910"]
[EventDate "2014.09.20"]

1. e4 c5 2. Nf3 e6 3. d4 cxd4 4. Nxd4 Nc6 5. Nc3 Qc7 6. Be3 a6 7. Be2 Nf6 8. O-O
Bb4 9. Na4 Be7 10. Nxc6 bxc6 11. Nb6 Rb8 12. Nxc8 Qxc8 13. e5 Nd5 14. Bc1 Bc5
15. c4 Ne7 16. b3 Qc7 17. Bb2 Ng6 18. Qd2 O-O 19. Qg5 d6 20. exd6 Bxd6 21. g3 c5
22. Rad1 Rbd8 23. Bd3 Be5 24. Bxe5 Qxe5 25. Qxe5 Nxe5 26. Be4 f5 27. Bb7 Kf7 28.
Bxa6 Rxd1 29. Rxd1 Ra8 30. Rd6 Ke7 31. Rb6 Nd7 32. Rc6 Nb8 33. Rc7+ Kd6 34. Rc8
Rxa6 35. Rxb8 Rxa2 36. Rb7 g5 37. Rxh7 g4 38. Rb7 Kc6 39. Re7 Kd6 40. Rb7 Kc6
41. Re7 Kd6 42. Rb7 Kc6 1/2-1/2

[Event "World Youth Boys U18 2014"]
[Site "Durban RSA"]
[Date "2014.09.28"]
[Round "10.9"]
[White "Javanbakht, Nima"]
[Black "Flermoen, Peter"]
[Result "1-0"]
[WhiteTitle "FM"]
[BlackTitle "CM"]
[WhiteElo "2364"]
[BlackElo "2226"]
[WhiteFideId "12510670"]
[BlackFideId "1507303"]
[EventDate "2014.09.20"]

1. d4 Nf6 2. c4 g6 3. Nc3 d5 4. cxd5 Nxd5 5. e4 Nxc3 6. bxc3 Bg7 7. Bc4 c5 8.
Ne2 Nc6 9. Be3 O-O 10. O-O Qc7 11. Rc1 Na5 12. Bd3 b6 13. Qd2 Bb7 14. Bh6 cxd4
15. cxd4 Qd7 16. h4 Bxh6 17. Qxh6 Rac8 18. h5 Rxc1 19. Rxc1 Rc8 20. Rxc8+ Qxc8
21. e5 Qg4 22. Nf4 e6 23. hxg6 hxg6 24. Kh2 Bd5 25. f3 Bxf3 26. Bxg6 fxg6 27.
gxf3 Qxf3 28. Qxg6+ Kf8 29. Qf6+ Ke8 30. Qxe6+ Kd8 31. Qg8+ Kc7 32. Qf7+ Kb8 33.
e6 Nc6 34. Qf8+ Kb7 35. e7 Nxe7 36. Qxe7+ Kc8 37. Qe6+ Kc7 38. Nd5+ Kb7 39. Qd7+
Ka6 40. Qa4+ Kb7 41. Qd7+ Ka6 42. Nb4+ Ka5 43. Nc6+ Ka6 44. Qxa7+ Kb5 45. a4+ 1-0

[Event "World Youth Boys U18 2014"]
[Site "Durban RSA"]
[Date "2014.09.28"]
[Round "10.10"]
[White "Nasuta, Grzegorz"]
[Black "Poleg, Matan"]
[Result "1-0"]
[WhiteTitle "FM"]
[WhiteElo "2361"]
[BlackElo "2039"]
[WhiteFideId "1141686"]
[BlackFideId "2811472"]
[EventDate "2014.09.20"]

1. e4 e5 2. Nf3 Nc6 3. Bb5 a6 4. Ba4 Nf6 5. O-O Nxe4 6. d4 b5 7. Bb3 d5 8. dxe5
Be6 9. Nbd2 Bc5 10. Qe2 Nxd2 11. Bxd2 Ne7 12. c3 O-O 13. Nd4 Bb6 14. Bg5 Qd7 15.
a4 c5 16. Nxe6 fxe6 17. axb5 c4 18. Ba4 axb5 19. Bxb5 Bxf2+ 20. Qxf2 1-0

[Event "World Youth Boys U18 2014"]
[Site "Durban RSA"]
[Date "2014.09.29"]
[Round "11.1"]
[White "Bortnyk, Olexandr"]
[Black "Studer, Noel"]
[Result "1-0"]
[WhiteTitle "IM"]
[BlackTitle "FM"]
[WhiteElo "2505"]
[BlackElo "2404"]
[WhiteFideId "14120828"]
[BlackFideId "1319620"]
[EventDate "2014.09.20"]

1. e4 e6 2. d4 d5 3. Nc3 Nf6 4. e5 Nfd7 5. f4 c5 6. Nf3 Be7 7. Be3 b6 8. Be2 Ba6
9. O-O O-O 10. f5 Bxe2 11. Nxe2 exf5 12. c3 Na6 13. Qd3 Nc7 14. Qxf5 f6 15. e6
Nb8 16. Nf4 Qd6 17. dxc5 bxc5 18. Rad1 Rd8 19. b4 cxb4 20. Ng5 fxg5 21. Qf7+ Kh8
22. Bd4 Rg8 23. Ng6+ hxg6 24. Qxg6 Qxe6 25. Qh5+ Qh6 26. Qxh6# 1-0

[Event "World Youth Boys U18 2014"]
[Site "Durban RSA"]
[Date "2014.09.29"]
[Round "11.2"]
[White "Vaibhav, Suri"]
[Black "Alekseenko, Kirill"]
[Result "1-0"]
[WhiteTitle "GM"]
[BlackTitle "FM"]
[WhiteElo "2521"]
[BlackElo "2483"]
[WhiteFideId "5045185"]
[BlackFideId "4135539"]
[EventDate "2014.09.20"]

1. d4 d5 2. c4 dxc4 3. e3 e5 4. Bxc4 Nc6 5. Nf3 e4 6. Nfd2 Qg5 7. Nxe4 Qxg2 8.
Ng3 Nf6 9. Nc3 Bb4 10. Bf1 Qd5 11. f3 O-O 12. a3 Bxc3+ 13. bxc3 Na5 14. Rb1 b6
15. e4 Qc6 16. Qc2 Be6 17. Bb5 Qb7 18. Bg5 Nd7 19. O-O c6 20. Bd3 f6 21. Bf4 c5
22. Qe2 Qc8 23. Ba6 Qd8 24. Rfd1 Qe7 25. d5 Bh3 26. Kh1 Ne5 27. Rg1 Kh8 28. c4
Ng6 29. Bd2 f5 30. Bc3 fxe4 31. fxe4 Qh4 32. Nh5 Rf2 33. Bxg7+ Kg8 34. Bf6 Rxf6
35. Nxf6+ Qxf6 36. e5 Qh4 37. e6 Re8 38. Rbe1 Re7 39. Qf3 Kh8 40. Re3 Nf4 41.
Re4 1-0

[Event "World Youth Boys U18 2014"]
[Site "Durban RSA"]
[Date "2014.09.29"]
[Round "11.3"]
[White "Harutyunian, Tigran K."]
[Black "Henriquez Villagra, Cristobal"]
[Result "1/2-1/2"]
[WhiteTitle "IM"]
[BlackTitle "IM"]
[WhiteElo "2439"]
[BlackElo "2466"]
[WhiteFideId "13303635"]
[BlackFideId "3409350"]
[EventDate "2014.09.20"]

1. Nf3 c5 2. c4 Nc6 3. Nc3 g6 4. e3 Bg7 5. d4 d6 6. d5 Ne5 7. Nxe5 Bxe5 8. Bd3
Bxc3+ 9. bxc3 e5 10. e4 Nf6 11. Bg5 h6 12. Bd2 Kf8 13. f4 exf4 14. Bxf4 Nh5 15.
O-O Nxf4 16. Rxf4 Kg7 17. Qf3 Rf8 18. Rf1 f6 19. Qg3 Qe8 20. R4f2 Qe5 21. Qxe5
dxe5 22. a4 Rb8 23. Rb1 Rd8 24. a5 Rd6 25. Rb5 b6 26. axb6 axb6 27. Rfb2 Rb7 28.
Ra2 Bd7 29. Rb1 f5 30. Ra8 h5 31. Rba1 h4 32. Rd8 Rf6 33. Raa8 Kh6 34. exf5 gxf5
35. Rh8+ Kg5 36. Be2 e4 37. Kf2 Rh6 38. Rag8+ Rg6 39. Rh5+ Kf6 40. Ra8 Ke5 41.
Rxh4 b5 42. g4 b4 43. gxf5 Bxf5 44. cxb4 cxb4 45. Ke3 b3 46. Re8+ Kd6 47. Kd4 b2
48. c5+ Kc7 49. c6 Rb4+ 50. Kc5 Rxc6+ 51. dxc6 b1=Q 52. Rhh8 Qc2+ 53. Kxb4 Qxe2
54. Kc5 Qc2+ 55. Kd4 Qxc6 56. Re7+ Kb6 57. Rb8+ Ka6 58. Ree8 Qd6+ 59. Ke3 Qxh2
60. Rf8 Qg3+ 61. Kd4 Qd3+ 62. Kc5 Qc3+ 63. Kd5 Qa5+ 64. Kd4 Qd2+ 65. Ke5 Qa5+
66. Kf4 Qc7+ 67. Kxf5 e3 68. Rbe8 Qc2+ 69. Kf4 Qf2+ 70. Kg4 Qg2+ 71. Kf4 Qf2+
72. Kg4 Qg2+ 73. Kf4 1/2-1/2

[Event "World Youth Boys U18 2014"]
[Site "Durban RSA"]
[Date "2014.09.29"]
[Round "11.4"]
[White "Vignesh, NR"]
[Black "Bluebaum, Matthias"]
[Result "1/2-1/2"]
[BlackTitle "IM"]
[WhiteElo "2360"]
[BlackElo "2521"]
[WhiteFideId "25012215"]
[BlackFideId "24651516"]
[EventDate "2014.09.20"]

1. d4 d5 2. c4 c6 3. Nf3 Nf6 4. e3 Bf5 5. Bd3 Bg6 6. O-O e6 7. Nc3 Nbd7 8. b3
Bd6 9. Bb2 Qe7 10. Re1 Ne4 11. Qc2 Ndf6 12. Ne5 Nxc3 13. Bxc3 Bxe5 14. dxe5 Bxd3
15. Qxd3 Nd7 16. Rad1 O-O 17. e4 Nb6 18. Qe3 dxc4 19. Bd4 Nd7 20. bxc4 c5 21.
Bb2 Nb6 22. Qb3 Rad8 23. Ba3 Qc7 24. Qb5 Qxe5 25. Qxc5 Qxc5 26. Bxc5 Rxd1 27.
Rxd1 Rc8 28. Bxb6 axb6 29. g3 g5 30. Rd6 Rxc4 31. Rxb6 Rxe4 32. Rxb7 Ra4 33. Rb2
Ra3 34. Kf1 Kg7 35. Rc2 f5 36. Rc7+ Kg6 37. Re7 Ra6 38. Kg2 h6 39. h3 Kf6 40.
Rh7 Kg6 41. Re7 h5 42. Re8 g4 43. h4 Kf7 44. Rh8 Kg6 45. Rg8+ Kh7 46. Re8 Kg7
47. Re7+ Kf6 48. Rh7 Kg6 49. Re7 Kf6 50. Rh7 Kg6 1/2-1/2

[Event "World Youth Boys U18 2014"]
[Site "Durban RSA"]
[Date "2014.09.29"]
[Round "11.5"]
[White "Wagner, Dennis"]
[Black "Javanbakht, Nima"]
[Result "1/2-1/2"]
[WhiteTitle "IM"]
[BlackTitle "FM"]
[WhiteElo "2499"]
[BlackElo "2364"]
[WhiteFideId "24650684"]
[BlackFideId "12510670"]
[EventDate "2014.09.20"]

1. c4 e6 2. g3 d5 3. Bg2 Nf6 4. Nf3 dxc4 5. Qa4+ Nbd7 6. Qxc4 a6 7. Qc2 c5 8.
Nc3 Qc7 9. d4 b5 10. Bf4 Qa7 11. dxc5 Bxc5 12. O-O Bb7 13. Rad1 Rc8 14. Qd2 O-O
15. Bd6 Bxd6 16. Qxd6 Nb6 17. Qd4 Rc4 18. Qe3 Ng4 19. Qd3 Nf6 20. a3 Qa8 21. Qe3
Nbd5 22. Nxd5 Bxd5 23. Rc1 Rfc8 24. Rxc4 Rxc4 25. Rc1 Ng4 26. Qd2 Qa7 27. e3
Rxc1+ 28. Qxc1 Qa8 29. h3 Nf6 30. Qc7 h6 31. Ne5 Bxg2 32. Qxf7+ Kh7 33. Qg6+ Kg8
34. Qf7+ Kh7 35. Qg6+ Kg8 36. Qf7+ 1/2-1/2

[Event "World Youth Boys U18 2014"]
[Site "Durban RSA"]
[Date "2014.09.29"]
[Round "11.6"]
[White "Torosyan, Norayr"]
[Black "Das, Sayantan"]
[Result "1/2-1/2"]
[BlackTitle "IM"]
[WhiteElo "2321"]
[BlackElo "2456"]
[WhiteFideId "13300431"]
[BlackFideId "5034426"]
[EventDate "2014.09.20"]

1. d4 d5 2. Nf3 Nf6 3. c4 c6 4. e3 Bf5 5. Nc3 e6 6. Bd3 Bxd3 7. Qxd3 Bb4 8. O-O
O-O 9. Bd2 Bxc3 10. Bxc3 Nbd7 11. Nd2 c5 12. dxc5 Nxc5 13. Qd4 Rc8 14. cxd5 Qxd5
15. Qxd5 Nxd5 16. Bd4 a6 17. Bxc5 Rxc5 18. Rac1 Rb5 19. b3 Nb4 20. a3 Nc6 21.
Rfd1 Rd8 22. Kf1 Kf8 23. Ke2 a5 24. a4 Rb4 25. Rc3 Ke7 26. Nc4 Rd5 27. Na3 Re5
28. Rcd3 Rc5 29. Nc4 Kf6 30. f4 h6 31. g4 g5 32. fxg5+ hxg5 33. Rd7 Kg6 34. Rf1
Rcxc4 35. bxc4 Ne5 36. Rc7 Rxa4 37. Rxb7 Rxc4 38. Rb5 Re4 39. h3 a4 40. Rc1 a3
41. Ra5 Nc4 42. Ra4 Rxe3+ 43. Kf2 Nb2 44. Kxe3 Nxa4 45. Kd4 Nb6 46. Ra1 Nd5 47.
Rxa3 Nf4 48. Ke4 Nd5 49. Ke5 Kg7 50. Rf3 Nf4 51. Ra3 1/2-1/2

[Event "World Youth Boys U18 2014"]
[Site "Durban RSA"]
[Date "2014.09.29"]
[Round "11.7"]
[White "Zenzera, Alexey"]
[Black "Nasuta, Grzegorz"]
[Result "0-1"]
[WhiteTitle "IM"]
[BlackTitle "FM"]
[WhiteElo "2439"]
[BlackElo "2361"]
[WhiteFideId "4102665"]
[BlackFideId "1141686"]
[EventDate "2014.09.20"]

1. b3 Nf6 2. Bb2 b6 3. Bxf6 exf6 4. Nf3 Bb7 5. e3 g6 6. Be2 Bg7 7. O-O O-O 8. d4
f5 9. c4 d6 10. Ne1 c5 11. Bf3 Bxf3 12. Qxf3 Na6 13. Nc2 d5 14. Nba3 cxd4 15.
exd4 dxc4 16. bxc4 Qd7 17. Rad1 Rac8 18. d5 Rfe8 19. Rfe1 Bf8 20. Rxe8 Rxe8 21.
Nb5 Rc8 22. Ne3 Bh6 23. d6 Bxe3 24. fxe3 Nc5 25. g4 fxg4 26. Qf6 g3 27. Rf1 Ne4
28. Qe5 Qh3 29. hxg3 Nxg3 30. Re1 Qh1+ 31. Kf2 Ne4+ 32. Ke2 Qg2+ 33. Kd3 Nc5+
34. Kc3 Qxa2 35. Rc1 a6 36. Nc7 Qa3+ 37. Kc2 Qxc1+ 0-1

[Event "World Youth Boys U18 2014"]
[Site "Durban RSA"]
[Date "2014.09.29"]
[Round "11.8"]
[White "Csonka, Balazs"]
[Black "Shetty, Atulya"]
[Result "1-0"]
[WhiteTitle "FM"]
[BlackTitle "FM"]
[WhiteElo "2412"]
[BlackElo "2328"]
[WhiteFideId "742910"]
[BlackFideId "2031213"]
[EventDate "2014.09.20"]

1. Nf3 d5 2. g3 Nf6 3. Bg2 c5 4. O-O Nc6 5. d4 e6 6. c4 dxc4 7. dxc5 Qxd1 8.
Rxd1 Bxc5 9. Nbd2 c3 10. bxc3 O-O 11. Nb3 Be7 12. c4 Bd7 13. Bb2 Rfd8 14. Nfd4
Rac8 15. Nb5 Be8 16. c5 Nb4 17. Nd6 Bxd6 18. cxd6 Bc6 19. Rac1 Bxg2 20. Rxc8
Rxc8 21. Bxf6 gxf6 22. Kxg2 Rd8 23. Nc5 b6 24. Ne4 f5 25. Nc3 Kg7 26. a3 Nc6 27.
Nb5 a6 28. Nc7 Nb8 29. f4 Nd7 30. Nxa6 Ra8 31. Nb4 Rxa3 32. Nd3 Ra8 33. Rc1 Rd8
34. Rc7 Nc5 35. Ne5 Rxd6 36. Rxf7+ Kg8 37. Rc7 Rd2 38. Rc8+ Kg7 39. Rc7+ Kg8 40.
Kf3 Rb2 41. g4 Rb3+ 42. e3 Ne4 43. gxf5 exf5 44. Nf7 Kf8 45. Nh6 Nd2+ 46. Ke2
Rb2 47. Nxf5 Nb3+ 48. Kf3 Rxh2 49. e4 h5 50. e5 Rh3+ 51. Kg2 Rd3 52. e6 Ke8 53.
Rh7 Kd8 54. Rh8+ Kc7 55. e7 1-0

[Event "World Youth Boys U18 2014"]
[Site "Durban RSA"]
[Date "2014.09.29"]
[Round "11.9"]
[White "Ruiz C, Joshua D"]
[Black "Bida, Mihai-Eugen"]
[Result "0-1"]
[WhiteTitle "IM"]
[WhiteElo "2395"]
[BlackElo "2323"]
[WhiteFideId "4400704"]
[BlackFideId "1200062"]
[EventDate "2014.09.20"]

1. e4 e5 2. Nf3 Nc6 3. d4 exd4 4. Nxd4 Nf6 5. Nxc6 bxc6 6. Qe2 Qe7 7. e5 Nd5 8.
c4 Nb6 9. Nc3 Bb7 10. Bf4 g6 11. Ne4 Bg7 12. Nf6+ Bxf6 13. exf6 Qxe2+ 14. Bxe2
O-O-O 15. O-O-O c5 16. Rhg1 Rhe8 17. Bd3 Nxc4 18. Rde1 Nb6 19. g4 Bd5 20. Bb1 d6
21. h4 Kd7 22. h5 Rxe1+ 23. Rxe1 Re8 24. Rg1 Be4 25. hxg6 hxg6 26. g5 Nd5 27.
Bxe4 Rxe4 28. Bd2 Nf4 29. Rf1 Ke6 30. Bxf4 Rxf4 31. Re1+ Kf5 32. Re7 Kxg5 33.
Rxf7 Rxf2 34. Rxc7 Rxf6 35. Rxa7 Kf4 36. Rg7 g5 37. a4 g4 38. Kd2 Kf3 39. Rg5 g3
40. a5 Kf2 41. a6 Rf7 42. Rg6 g2 43. a7 Rxa7 44. Rf6+ Kg1 45. Rxd6 Rh7 0-1

[Event "World Youth Boys U18 2014"]
[Site "Durban RSA"]
[Date "2014.09.29"]
[Round "11.10"]
[White "Salomon, Johan"]
[Black "Serikbay, Chingiz"]
[Result "1-0"]
[WhiteElo "2362"]
[BlackElo "2173"]
[WhiteFideId "1509500"]
[BlackFideId "13707604"]
[EventDate "2014.09.20"]

1. d4 d5 2. c4 c6 3. Nf3 Nf6 4. e3 e6 5. Nbd2 Nbd7 6. b3 Bd6 7. Bb2 Qe7 8. Be2
dxc4 9. Nxc4 Bb4+ 10. Kf1 O-O 11. a3 Bd6 12. Nxd6 Qxd6 13. Qc2 Nd5 14. Bd3 f5
15. Rc1 N7f6 16. Ke2 Bd7 17. Ne5 Be8 18. Rhe1 Nd7 19. Nxd7 Bh5+ 20. Kf1 Qxd7 21.
Kg1 Kh8 22. f3 Qf7 23. Qf2 Qf6 24. Qg3 Bg6 25. e4 fxe4 26. fxe4 Nf4 27. Bf1 Rad8
28. Bc3 Nh5 29. Qe3 Qf4 30. g3 Qg4 31. Bg2 Nf6 32. h3 Qh5 33. a4 Nd7 34. Rf1 e5
35. dxe5 Bf7 36. g4 Qg6 37. Qxa7 Bxb3 38. Qxb7 Qe6 39. Rxf8+ Rxf8 40. a5 Bc4 41.
a6 c5 42. a7 Nb6 43. Rd1 Qh6 44. Bd2 Qe6 45. Ba5 Na8 46. Rd8 Rxd8 47. Bxd8 Qh6
48. Bg5 Qxg5 49. Qxa8+ Bg8 50. Qxg8+ 1-0